000 00552nam a22001457a 4500
082 _a620.005
100 _aRiaz, NS Ifran
245 _aImpacts of Transactional and Transformational Styles of Leadership on Employee Performance, Comparative Study in GSM Operators of Pakistan /
_cNS Ifran Riaz
260 _aIslamabad :
_bCEME - NUST,
_c2014.
300 _a106 p. ;
_c30cm.
650 _aEngineering Management-MS-Thesis
_916065
700 _aDr. Akhtar Nawaz Malik
_916099
942 _2ddc
_cTHE
999 _c536414
_d536414